000
00333nam a2200133Ia 4500
008
240624s9999 xx 000 0 und d
041
_a
eng
082
_a
332.17 IIB
100
_a
IIBF
245
_a
CUSTOMER SERVICE AND BANKING CODES AND S
260
_c
2010
_a
New Delhi
_b
Taxmann
300
_a
475 : p. : cm. ; 22
365
_c
RS
_b
29
999
_c
17238
_d
17238